000 00585nam a2200205 a 4500
005 20140310183246.0
008 040908s19uu xx 00 eng d
020 _a1564143945
050 _aHF 5549.5.R44
_b.D34 1999
100 _aDeems, Richard S.
245 _aHiring :
_bhow to find and keep the best people /
_cRichard S. Deems
260 _aNew Jersey :
_bCareer Press,
_c1999.
300 _a125 p. :
_c22 cm.
500 _aIncludes index.
521 _aBSBA
650 _aEmployees
_xRecruiting.
650 _aEmployee selection.
942 _cBK
_2lcc
_kFOR
999 _c20691
_d20691